Methods of Mathematical Physics

Αποθηκεύτηκε σε:
Λεπτομέρειες βιβλιογραφικής εγγραφής
Κύριος συγγραφέας: Jeffreys, Harold Sir 1891-
Άλλοι συγγραφείς: Jeffreys, Bertha Swirles
Μορφή: Βιβλίο
Γλώσσα:English
Δημοσίευση: Cambridge : Cambridge University Press, 1992
Έκδοση:3rd ed.
Θέματα:
Ετικέτες: Προσθήκη ετικέτας
Δεν υπάρχουν, Καταχωρήστε ετικέτα πρώτοι!

MARC

LEADER 00000nam a2200000 i 4500
001 1/36859
008 941103s1992 eng d
020 |a 0-521-09723-1 
035 |a 1993  |c ΦΛΕΣΣΑΣ  |l 10040350 
040 |a GR-MY-UA  |b gre  |e aacr 
041 0 |a eng 
082 0 |a 530.15 
100 1 |a Jeffreys, Harold  |c Sir  |d 1891- 
245 1 0 |a Methods of Mathematical Physics /  |c by Sir Harold Jeffreys and Bertha Swirles (Lady Jeffreys) 
250 |a 3rd ed. 
260 |a Cambridge :   |b Cambridge University Press,   |c 1992 
300 |a 718 p.;  |c 22 cm.+ 
500 |a Includes index 
650 0 0 |a Mathematical physics. 
700 1 |a Jeffreys, Bertha Swirles. 
852 |a INST  |b SAMOS  |e 19941103  |h 530.15 JEF  |p 005300003290  |q 005300003290  |t BK  |y 0 
909 |a Σ  |b 029756